| 000 | 03831nam a2200241Ia 4500 | ||
|---|---|---|---|
| 003 | Ost | ||
| 005 | 20260507074944.0 | ||
| 008 | 260507s9999||||xx |||||||||||||| ||und|| | ||
| 040 | _cfsecg | ||
| 041 | _aara | ||
| 082 | _a368 | ||
| 100 |
_aفلاح، عز الدين _eمؤلف |
||
| 245 | 0 |
_aالتأمين : _bمبادئه ،انواعه / _c عز الدين فلاح |
|
| 250 | _aطبعة 1 | ||
| 260 |
_aعمان: _bدار اسامة للنشر و التوزيع, _c2008 |
||
| 300 |
_a272 صفحة؛ _c24 سم |
||
| 504 | _aبيبليوغرافيا ص.263 | ||
| 520 | _aيعرض هذا الكتاب محتوياته كما يلي المقدمة-الفصل الأول: ما هو التأمين؟-التأمين في اللغة-تاريخ التأمين-أصول التأمين-تعريف التأمين-الفصل الثاني: موقف الشريعة من التأمين-آراء الفقهاء في التأمين-صيغة التأمين المفتى بجوازها-صيغة التأمين التعاوني-الفصل الثالث: التأمين التكافلي-عقد التأمين التكافلي-شرعية التأمين التكافلي-الفصل الرابع: عقد التأمين-قسط التأمين-مبلغ التأمين-شركة التأمين التجارية-شركة التأمين اللاربحي-الفصل الخامس: أنواع وإجراءات التأمين-مبلغ التأمين-الفصل السادس: التأمين المثالي لمتطلبات دول الاتحاد الأوروبي-الشروط والبنود-الاستلام والتسليم-الفصل السابع: شركات التأمين وأنواع التأمين التي تمارسها-كيفية سداد الأقساط-شركة الوطنية للتأمين-الشركة الأهلية للتأمين-الفصل الثامن: الهيكل التنظيمي لسوق التأمين في الأردن-الفصل التاسع: الإطار القانوني المنظم لأعمال التأمين في الأردن-الفصل العاشر: بعض فقرات القوانين العربية التي تتعلق بالتأمين-الإجراءات اللازمة للحصول على خدمة قيد بسجل وسطاء التأمين أو إعادة التأمين-التأمين في نطاق القانون-الفصل الحادي عشر: تأمين الحوادث المدرسية-اتفاقية الضمان المدرسي والرياضي-الفصل الثاني عشر: تأمين صحي على الأطباء والفنيين (تأمين ضد الأخطاء الإدارية)-حقوق معنوية ومادية-التأمين على الأعضاء البشرية-الفصل الثالث عشر: تأمين أعمال الصادرات-الفترة الزمنية لاستلام البائع نقوده-طريقة مطالبة التأمين-الفصل الرابع عشر: أسواق التأمين العربية وتحرير التجارة في الخدمات-نظرة نحو مزيد من التحرير الاقتصادي-نظام التأمين ذد البطالة-الفصل الخامس عشر: تأمينات المؤسسات المصرفية-أخطار التشغيل بالبنوك-الفصل السادس عشر: أخطار تكنولوجيا المعلومات والتجارة الإلكترونية والحلول التأمينية المتاحة لتغطيتها-تغطية التأمين التقليدي لتكنولوجيا المعلومات-الفصل السابع عشر: آراء المعارضين لشركات التأمين-آثار التأمين على حياة الناس-الآثار الإيجابية في التأمين-آثار التأمين السلبية | ||
| 653 | _aالادخار | ||
| 653 | _aتأمين | ||
| 653 | _aشركات التأمين | ||
| 942 | _cكتاب | ||
| 999 |
_c41954 _d41954 |
||